Implementación de una base móvil con evasión de obstáculos utilizando Navigation de ROS
Uloženo v:
| Hlavní autor: | |
|---|---|
| Další autoři: | |
| Médium: | Kniha |
| Jazyk: | Spanish |
| Vydáno: |
[San José], Costa Rica
2013
|
| Témata: | |
| Tagy: |
Přidat tag
Žádné tagy, Buďte první, kdo vytvoří štítek k tomuto záznamu!
|
MARC
| LEADER | 00000nam a22000007a 4500 | ||
|---|---|---|---|
| 003 | 011944 | ||
| 005 | 20230817134311.0 | ||
| 008 | 150309b2013 c a|||| |||| 00| ||spa d | ||
| 040 | |c cru CEDI | ||
| 100 | |9 1116 |a Arauz Villegas, Carolina, 1991- | ||
| 245 | |a Implementación de una base móvil con evasión de obstáculos utilizando Navigation de ROS | ||
| 260 | |a [San José], Costa Rica |c 2013 | ||
| 300 | |a xi, 81 páginas : ilustraciones | ||
| 500 | |a Proyecto de graduación (bachillerato en ingeniería eléctrica)--Universidad de Costa Rica. Facultad de Ingeniería. Escuela de Ingeniería Eléctrica | ||
| 501 | |a Profesor Guía de IE-0499 Proyecto Eléctrico: Ing. Federico Ruiz Ugalde | ||
| 650 | |x ROBOTS |x ROBOTICA |x TEORIA DE LAS MAQUINAS |9 400 | ||
| 700 | |9 1115 |a Ruiz Ugalde, Federico, 1980- |d Director de Proyecto Eléctrico | ||
| 942 | |c CEDI |h TFG 7110 |6 TFG_7110_000000000000000 | ||
| 999 | |c 13671 |d 13671 | ||
